000
00326nam a2200145Ia 4500
100
_a
Zaniold/carlo
942
_c
BK
654
_a
Advanced Computer
245
_a
Advanced Database Systems
260
_b
Morgan kaufmann pub
_a
New york
_c
1997
082
_a
5.74
_b
ZAW
300
_a
574
546
_a
ENGLISH
999
_c
22164
_d
22164